Provinces of Zimbabwe - Statistics

General Stats
  • This quiz has been taken 72 times
  • The average score is 7 of 10
Answer Stats
Hint Answer % Correct
City Harare
98%
City Bulawayo
88%
Mashonaland West
67%
Mashonaland East
65%
Midlands
65%
Manicaland
58%
Mashonaland Central
54%
Matabeleland South
54%
Matabeleland North
52%
Masvingo
50%
No matching quizzes found
Score Distribution
Percent of People with Each Score
Percentile by Number Answered
Your Score History
You have not taken this quiz